000 00907 a2200205 4500
999 _c7925
_d7925
020 _a9781608717958 (pbk. : alk. paper)
050 0 0 _aJZ1318CON2013
245 0 0 _aControversies in globalization :
_bcontending approaches to international relations /
_cedited by Peter M. Haas, University of Massachusetts, Amherst, John A. Hird, University of Massachusetts, Amherst.
250 _aSecond edition.
264 1 _aLos Angeles :
_bSAGE/CQ Press,
_c[2013]
264 4 _c
_aNew Delhi:
_bSage,
300 _alxiii, 577 pages :
_billustrations ;
500 _aincludes index
504 _aIncludes bibliographical references and index.
650 0 _aGlobalization.
700 1 _aHaas, Peter M.
700 1 _aHird, John A.
942 _2lcc
_cBK
_h1318
_iCON
_kJZ